• 首页
  • 本馆介绍
  • 公告通知
  • 最新文献
  • 馆藏检索
  • 电子资源
  • 读者导购
  • 参考咨询
  • 我的图书馆
  • 登录
  • 详细信息显示
  • 放入我的书架
  • 预约/预借图书
  • 作者相关作品
  • 分类相关作品
  • 丛书相关作品
  • 出版社相关作品

书目信息

  • 表格格式
  • 工作单格式
  • 卡片格式
题名:
世界工艺美术史论
    
 
作者: 高茜 编著
分册:  
出版信息: 大连   大连理工大学出版社  2015
页数: 262页
开本: 23cm
丛书名:
单 册:
中图分类: J509.1
科图分类:
主题词: 工艺美术史--研究--世界
电子资源:
ISBN: 978-7-5611-9952-7
000 00913nam0 2200241 450
001 0103705387
005 20160330134424.0
010    @a978-7-5611-9952-7@dCNY68.00
100    @a20151215d2015 em y0chiy0120 ea
101 0  @achi
102    @aCN@b210000
105    @aa z 000yy
106    @ar
200 1  @a世界工艺美术史论@9Shi Jie Gong Yi Mei Shu;Zhu Shi Lun @f高茜编著@b专著@dInsights into world arts and crafts history@zeng
210    @a大连@c大连理工大学出版社@d2015
215    @a262页@c彩图@d23cm
330    @a本书从文化角度研究现代设计史,叙述人类文化发展过程中造物艺术与地域社会文化的关联性,本书的时间段从人类文明起源期到19世纪中叶,内容涉及十多个国家和地区。
510 1  @aInsights into world arts and crafts history@zeng
606 0  @a工艺美术史@x研究@y世界
690    @aJ509.1@v5
701  0 @a高茜@c(美术教育)@4编著@9gao qian
801  0 @aCN@bAZmarc@c20230902
905    @aBZT@dJ509@e5@f5@sJ509/5
    
    世界工艺美术史论/高茜编著=Insights into world arts and crafts history.-大连:大连理工大学出版社,2015
    262页:彩图;23cm
    
    
    ISBN 978-7-5611-9952-7:CNY68.00
    本书从文化角度研究现代设计史,叙述人类文化发展过程中造物艺术与地域社会文化的关联性,本书的时间段从人类文明起源期到19世纪中叶,内容涉及十多个国家和地区。
●
相关链接 在五车中查询图书 在当当中查询图书 在豆瓣中查询图书


正题名:世界工艺美术史论     索取号:J509/5         预约/预借

序号 登录号 条形码 馆藏地/架位号 状态 备注
1 2000012484   2000012484   旧书回溯/ [索取号:J509/5] 在馆    
2 2000012485   2000012485   旧书回溯/ [索取号:J509/5] 在馆    
3 2000012486   2000012486   旧书回溯/ [索取号:J509/5] 在馆    
4 2000012487   2000012487   旧书回溯/ [索取号:J509/5] 在馆    
5 2000012488   2000012488   旧书回溯/ [索取号:J509/5] 在馆    
山东省滨州职业学院图书馆 欢迎您!
大连网信软件有限公司© 版权所有